=LDR 00000nam 2200000 4500 =001 INLIS000000000035548 =005 20130612141410 =008 ***********************************ind** =035 ##$$0010-061300000035548 =041 ##$$a ind =082 ##$$a 333.702 2 =090 ##$$a R.333.702 2, Ind a =245 ##$$a Atlas sumberdaya atlas of resource Indonesia overview =260 ##$$a 2001 $b [S.l] =300 ##$$a viii,203 hlm., Ilus., 28 cm =650 ##$$a Sumber Alam - Indonesia - Atlas =850 ##$$a NBPNMAT